Tìm hiểu pháp luật về phòng chống tham nhũng, lãng phí

Sách gồm: Hỏi đáp về luật phòng, chống tham nhũng, hỏi đáp về luật thực hành tiết kiệm chống lãng phí. Giới thiệu toàn văn hai văn bản luật nói trên và một số văn bản pháp luật liên quan để bạn đọc thuận tiện tra cứu, vận dụng khi câ...

Volledige beschrijving

Bewaard in:
Bibliografische gegevens
Hoofdauteur: Ngô, Quang Tâm
Formaat: Boek
Taal:Undetermined
Gepubliceerd in: Hà Nội Chính trị Quốc gia 2006
Onderwerpen:
Tags: Voeg label toe
Geen labels, Wees de eerste die dit record labelt!
Thư viện lưu trữ: Trung tâm Học liệu Trường Đại học Cần Thơ
LEADER 00967nam a2200205Ia 4500
001 CTU_110385
008 210402s9999 xx 000 0 und d
020 |c 85000 
082 |a 345.02323 
082 |b T120 
100 |a Ngô, Quang Tâm 
245 0 |a Tìm hiểu pháp luật về phòng chống tham nhũng, lãng phí 
245 0 |c Ngô Quang Tâm 
260 |a Hà Nội 
260 |b Chính trị Quốc gia 
260 |c 2006 
520 |a Sách gồm: Hỏi đáp về luật phòng, chống tham nhũng, hỏi đáp về luật thực hành tiết kiệm chống lãng phí. Giới thiệu toàn văn hai văn bản luật nói trên và một số văn bản pháp luật liên quan để bạn đọc thuận tiện tra cứu, vận dụng khi cần thiết. 
650 |a Corruption 
904 |i M.Loan 
980 |a Trung tâm Học liệu Trường Đại học Cần Thơ